Die Potsdamer Wachtparade : (Titelsatznr. 23843)
[ MARC ]
| 000 -Satzkennung | |
|---|---|
| Kontrollfeld mit fester Länge | 00797nam a22002531c 4500 |
| 001 - Kontrollnummer | |
| Kontrollfeld | a987668410 |
| 008 - Feld mit fester Länge zur physischen Beschreibung - Allgemeine Angaben | |
| Kontrollfeld mit fester Länge | 111109s1997 gw |||| 000u ger d |
| 020 ## - Internationale Standardbuchnummer | |
| Internationale Standardbuchnummer | 3921655846 |
| Verknüpfung | 3-921-655-84-6 |
| 040 ## - Katalogisierungsquelle | |
| Übertragungsstelle | RU-10907106 |
| 003 - Kontrollnummer Identifier | |
| Kontrollfeld | RU-10907106 |
| 100 1# - Haupteintragung - Personenname | |
| Personenname | Schobess, Volker |
| 245 04 - Titel | |
| Titel | Die Potsdamer Wachtparade : |
| Zusatz zum Titel | Von den Langen Kerls des Soldatenkönigs zu den Fußgarden Friedrich des Großen |
| 264 ## - Produktion, Veröffentlichung, Distribution, Herstellung und Urheberrechtsvermerk | |
| Herstellungs-, Veröffentlichungs- Vertriebs-, Erzeugungsort | Berg am Starnberger See [u.a.] : |
| Produzent, Herausgeber, Distributor, Hersteller | Vowinckel-Verl., |
| Datum der Herstellung, der Veröffentlichung, des Vertriebs oder des Urheberschutzvermerks | 1997 |
| 300 ## - Physische Beschreibung | |
| Umfang | 195 S. |
| 600 #0 - Nebeneintragung unter einem Schlagwort - Personenname | |
| Personenname | Friedrich Wilhelm <Preußen, König, I.> |
| 600 #0 - Nebeneintragung unter einem Schlagwort - Personenname | |
| Personenname | Friedrich <Preußen, König, II.> |
| 650 #0 - Nebeneintragung unter einem Schlagwort - Sachschlagwort | |
| Sachschlagwort oder geografischer Name als Eintragungselement | Militär |
| 650 #0 - Nebeneintragung unter einem Schlagwort - Sachschlagwort | |
| Sachschlagwort oder geografischer Name als Eintragungselement | Krieg |
| 650 #0 - Nebeneintragung unter einem Schlagwort - Sachschlagwort | |
| Sachschlagwort oder geografischer Name als Eintragungselement | Hohenzollern |
| 650 #0 - Nebeneintragung unter einem Schlagwort - Sachschlagwort | |
| Sachschlagwort oder geografischer Name als Eintragungselement | Repräsentation |
| 650 #0 - Nebeneintragung unter einem Schlagwort - Sachschlagwort | |
| Sachschlagwort oder geografischer Name als Eintragungselement | Politische Kultur |
| 700 1# - Nebeneintragung - Personenname | |
| Personenname | Hohenstein, Erhart |
| Funktionsbezeichnung | VerfasserIn |
| 942 ## - Zusätzliche Felder (Koha) | |
| Koha-Medientyp | Monographien |
| Ausgeschieden | Verloren | Klassifikation oder Aufstellungssystematik | Beschädigt | Nicht entleihbar | Heimatbibliothek | Aufenthaltsbibliothek | Aufstellungsort | Erwerbungsdatum | Inventarnummer | Signatur | Barcode | Letzte Aktivität | Preis gültig von | Koha-Medientyp |
|---|---|---|---|---|---|---|---|---|---|---|---|---|---|---|
| Andere/Generische Klassifikation | MWN Osteuropa | MWN Osteuropa | Lesesaal - 1 | 09/11/2011 | 12-01887 | X- D 33 re Schob | D 33 re Schob | E00401509F94031C | 29/01/2019 | 22/03/2021 | Monographien |